| 000 | 00770nam a22002177a 4500 | ||
|---|---|---|---|
| 999 |
_c17686 _d17686 |
||
| 003 | AR-CdUCM | ||
| 008 | 190509b ||||| |||| 00| 0 spa d | ||
| 040 |
_aMUNICIPALIDAD PROVINCIAL DEL CUSCO _cBIBLIOTECA MUNICIPAL DEL CUSCO |
||
| 082 |
_a860.96 / _bS21 |
||
| 100 |
_aSánchez Albornoz, Claudio _92423 |
||
| 245 |
_aBen ammar de Sevilla : _buna tragedia en la España de los Taifas / |
||
| 260 |
_aMadrid : _bEspasa Calpe, _c1972. |
||
| 300 |
_a139 páginas ; _c18 cm. |
||
| 440 |
_aColección Austral _9172 |
||
| 505 | _aContenido: Mea culpa -- Una lección de historia -- El soplo del destino: de juglar a favorito... | ||
| 650 |
_aEspaña _9176 |
||
| 650 |
_aPresunción _937825 |
||
| 650 |
_aEnvidia _937826 |
||
| 942 |
_2ddc _cLIBROS |
||
| 945 |
_adavv _d2019-05-09 |
||